00316nam a2200109Ia 4500008004100000082001600041100001600057245003900073260003800112300001200150500004400162220610s9999 xx 000 0 und d a891.46bSAM aSamble Anil aHitopadesh chatury sutra (Marathi) aNagpurbNachiket Prakashan c2014 a37PbPB a"Donated by Nachiket Prakashan, Nagpur"